[Event "Championnat 13"]
[Site "Vitrolles"]
[Date "2012.10.20"]
[Round "2"]
[White "Savalle, Mathilde"]
[Black "Joubert, Leo"]
[Result "1/2-1/2"]
[WhiteElo "1696"]
[BlackElo "1734"]
[Annotator "Gozzoli,Y"]
[PlyCount "58"]
[EventDate "2012.??.??"]
[EventType "swiss"]
[EventRounds "6"]
[EventCountry "FRA"]
[SourceDate "2005.09.12"]

1. e4 c5 2. Nf3 Nc6 3. d4 cxd4 4. Nxd4 g6 {Le Dragon Accéléré.} 5. c4 {L'étau
de Maroczy, la meilleure manière d'essayer de "punir" l'ordre de coup noir.}
Bg7 6. Be3 Nf6 7. Nc3 d6 8. Be2 O-O 9. O-O Bd7 10. h3 $6 {Un coup inutile sans
idée.} (10. Qd2 Nxd4 11. Bxd4 Bc6 12. f3 Nd7 13. Be3 a5 {est la position
principale.}) 10... Nxd4 11. Bxd4 Bc6 12. Bf3 $6 {passif} (12. Bd3 Nd7 13. Bxg7
Kxg7 14. Qd2 {avec l'idée Rae1-f4 est plus ambitieux.}) 12... Nd7 13. Bxg7 Kxg7
14. Be2 $6 {les Blancs ne sont vraiment pas inspirés dans cette partie !} (14.
b4 $5) 14... Nc5 $2 (14... a5 $1 {sécurisant la case c5 est plus précis.}) 15.
Qc2 (15. b4 $14 Nxe4 $2 16. Nxe4 Bxe4 17. Qd4+ $18) 15... e5 $15 {[#] les
Noirs ont obtenu la position parfaite du Dragon accéléré. (cf Kramnik-Grischuk,
Kazan 2011)} 16. Rad1 Ne6 17. Qd2 Nd4 18. Bd3 f5 $6 {prématuré.} (18... Qb6
$142) 19. exf5 $1 gxf5 (19... Qh4 $5 20. f3 (20. fxg6 $4 Nf3+ $1 21. gxf3 Rxf3
$19) 20... gxf5 21. Ne2 Rf6 $13) 20. Ne2 $1 Nxe2+ 21. Bxe2 Rf6 22. Kh2 $11 Rg6
23. Rg1 Qh4 {La position noire est évidemment plus agréable à jouer mais les
Blancs sont solides.} 24. g3 Qf6 25. b4 Rc8 $6 (25... b6 $11) 26. Rc1 $6 (26.
b5 Bd7 27. f4 $1 $14) 26... Rd8 (26... b6 $142) 27. Qc2 (27. b5 $142 Bd7 28. f4
) 27... d5 $2 (27... b6) 28. cxd5 $2 (28. b5 $1 Be8 29. cxd5 Bf7 (29... Rxd5
30. Bh5 $1 $16) 30. Qc7 $16) 28... Rxd5 29. Bc4 Rd4 $15 1/2-1/2

[Event "Championnat 13"]
[Site "Vitrolles"]
[Date "2012.10.20"]
[Round "2"]
[White "Arthaud, Geoffrey"]
[Black "Charvein, Gabriel"]
[Result "0-1"]
[WhiteElo "1630"]
[BlackElo "1813"]
[Annotator "Chauvet,V"]
[PlyCount "96"]
[EventDate "2012.??.??"]
[EventType "swiss"]
[EventRounds "6"]
[EventCountry "FRA"]
[SourceDate "2005.09.12"]

1. d4 Nf6 2. c4 g6 3. Nc3 Bg7 4. e4 d6 5. Nf3 O-O 6. Be2 {Ce coup conduit à la
variante classique de l'Est-indienne.} Nbd7 (6... e5 7. O-O {est un ordre de
coups plus classique.} (7. dxe5 dxe5 8. Qxd8 Rxd8 9. Nxe5 Nxe4 10. Nxe4 Bxe5 {
donne une position plus facile à jouer pour les noirs.})) 7. O-O e5 {la
variante Nbd7 est revenue à la mode dans les années 2000 grâce aux efforts des
GMI Svidler, Bologan et Movsesian.} 8. Re1 (8. Be3 {est la ligne principale.})
8... exd4 {Un coup intéressant qui a pour idée de libérer la diagonale du Bg7.}
9. Nxd4 Nc5 10. f3 {Défend fermement le pion e4.} c6 {Contrôle la case d5.
Bien que le pion d6 soit arriéré, il est difficile pour les blancs de
l'attaquer.} 11. b4 $6 {[#] Un coup à double tranchant, il permet de déloger
le Nc5 cependant il affaiblit les cases noires de la diagonale a1-h8.} Ne6 12.
Nxe6 $6 {Les blancs doivent garder leurs pièces pour maîtriser leur avantage
d'espace.} (12. Be3 a5 $1 13. b5 Nxd4 $1 14. Bxd4 c5 $1 15. Bf2 Ng4 $1 16. fxg4
Bxc3 $17) 12... Bxe6 13. Bb2 $2 {Les Noirs gagnent un pion, mais la position
est déjà difficile à tenir pour les Blancs à cause des faiblesses sur cases
noires.} Qb6+ 14. Kh1 Qxb4 $17 15. Qb3 Qxb3 16. axb3 Nh5 17. Rad1 Rad8 18. g3
Nf6 19. Ba3 Ng4 $1 20. fxg4 Bxc3 21. Rf1 Be5 22. Rd3 Rd7 23. Rfd1 Rfd8 24. Bc1
d5 25. exd5 cxd5 26. c5 d4 27. Bf3 Bd5 28. Bxd5 Rxd5 29. b4 {[#]} a5 $1 {Pour
créer une faiblesse en c5.} 30. Bd2 axb4 31. Bxb4 Ra8 32. Ba3 Ra4 33. Rc1 Kg7
34. g5 h6 35. gxh6+ Kxh6 36. Kg2 Bf6 37. Rf1 Kg7 38. Rc1 Rd8 39. c6 {Les
blancs essayent de se libérer de la faiblesse en c5, mais la position est trop
difficile à tenir.} bxc6 40. Rxc6 Rda8 (40... Rxa3 $1 41. Rxa3 d3 {La force du
pion passé oblige les Blancs à rendre la qualité.} 42. Rxf6 Kxf6 43. Ra1 d2 44.
Rd1 Kf5 45. Kf3 Rd3+ 46. Ke2 Ke4 $19 {Les Noirs sont gagnants car leur roi est
plus actif que celui des Blancs, et parce que l'échange des tours en d2 amène
une finale gagnante.}) 41. Bc5 Ra2+ 42. Kf3 Rxh2 43. Bxd4 Bxd4 44. Rxd4 Ra3+
45. Kf4 Rf2+ 46. Ke5 Rxg3 47. Rh4 Ra3 48. Kd6 Rf6+ {Cette partie montre
l'importance que peut avoir un coup de pion comme 11.b4 . Chaque poussée de
pion est une décision importante car il laisse derrière lui des cases faibles
mais offre des possibilités dynamiques.} 0-1

[Event "Championnat 13"]
[Site "Vitrolles"]
[Date "2012.10.20"]
[Round "2"]
[White "Madranges, Jean"]
[Black "Beraud, Robert"]
[Result "1-0"]
[WhiteElo "1831"]
[BlackElo "1735"]
[Annotator "Gozzoli,Y"]
[PlyCount "75"]
[EventDate "2012.??.??"]
[EventType "swiss"]
[EventRounds "6"]
[EventCountry "FRA"]
[SourceDate "2005.09.12"]

1. d4 Nf6 2. Nf3 g6 3. Nc3 $5 {menace 4.e4 pour entrer dans une Pirc} d5 4. Bf4
{et nous obtenons maintenant l'Attaque Barry.} Bg7 5. e3 Bg4 (5... O-O 6. Be2
c5 {est la ligne principale.}) 6. Be2 Bxf3 7. Bxf3 c6 {Les Noirs ont une
position solide mais passive.} 8. h4 Nbd7 $6 {permet aux Blancs de mettre la
pression sur la structure noire.} (8... h5 {s'imposait.}) 9. h5 h6 $2 {une
grosse faute qui donne un énorme avantage aux Blancs.} ({les Noirs doivent
essayer de pousser e7-e5 le plus vite possible.} 9... O-O 10. Qd2 (10. g4 Ne8
$1 11. hxg6 fxg6 12. Nxd5 e5 $1 13. dxe5 Nxe5 14. Nc3 Qe7 $13) 10... Re8 $1 11.
O-O-O e5 12. Bg3 b5 $13) 10. hxg6 fxg6 11. Qd3 $16 Nf8 12. O-O-O Qd7 13. e4 $1
{[#] Les Blancs réagissent parfaitement. Ils ouvrent le centre pour leur paire
de B.} dxe4 14. Nxe4 O-O-O 15. c3 (15. Nxf6 $1 Bxf6 16. d5 $1 cxd5 17. Bxd5 e5
18. Be3 $18 {est complétement gagnant pour les Blancs.}) 15... Qf5 16. Bg3 N8d7
17. Rhe1 Nb6 {trop passif !} (17... h5 $142) 18. Qe2 (18. Nxf6 $1 Bxf6 (18...
Qxd3 19. Bg4+ $1 Qf5 20. Bxf5+ gxf5 21. Rxe7 Bxf6 22. Rc7+ Kb8 23. Rxc6+ $18)
19. Be4 Qg5+ 20. Kb1 $18) 18... h5 19. Kb1 Nfd5 20. Ka1 Nf4 21. Bxf4 Qxf4 22.
Nc5 $18 {la position blanche est écrasante.} Qf7 $2 23. Qxe7 $2 (23. Bxc6 $1
bxc6 24. Qa6+ Kc7 25. Qxa7+ $18) 23... Qxe7 24. Rxe7 Bf8 25. Re5 Bxc5 26. Rxc5
Nd5 {Les Blancs sont toujours mieux mais les choses ne sont plus si simples !}
27. Bxd5 $6 {permet aux Noirs d'avoir de grandes chances de nulle.} (27. b4 $16
) 27... Rxd5 28. Rxd5 cxd5 29. Re1 Kd7 $6 {une faute sérieuse qui va permettre
aux Blancs d'activer leur R tout en empêchant le contre-jeu.} ({Il fallait
immédiatement créer du contre-jeu par} 29... g5 $1 30. Re5 $140 $6 (30. f3 g4
$1 31. fxg4 hxg4 32. Kb1 Rf8 $132) 30... g4 $1 31. g3 (31. Rxd5 $4 h4 $1 $19)
31... Rf8 32. Rxh5 Rxf2 33. a4 Rg2 34. Rxd5 Rxg3 $132) 30. Re5 Rf8 31. f3 (31.
Rxd5+ $1 Ke6 32. Re5+ Kd6 33. f3 $18 {gagne sur le champ.}) 31... Kd6 32. Rg5
Rf6 33. Kb1 Re6 34. Kc2 Re2+ 35. Kb3 Re6 36. f4 a6 37. Kb4 b6 38. b3 {Un
abandon un peu prématuré bien que la position soit compromise. Les Blancs
doivent encore faire preuve d'un peu de technique afin de convertir leur
avantage.} 1-0

[Event "Championnat 13"]
[Site "Vitrolles"]
[Date "2012.10.06"]
[Round "1"]
[White "Battaglia, Gerard"]
[Black "Faure, Alexandre"]
[Result "0-1"]
[WhiteElo "1850"]
[BlackElo "1815"]
[Annotator "Gozzoli,Y"]
[PlyCount "102"]
[EventDate "2012.??.??"]
[EventType "swiss"]
[EventRounds "6"]
[EventCountry "FRA"]
[SourceDate "2005.09.12"]

1. d4 Nf6 2. c4 g6 3. Nc3 d5 4. Bg5 $5 {Une variante à la mode grâce aux
efforts des Top-GM Aronian et Gelfand.} Ne4 {la réaction logique.} ({Cependant,
} 4... Bg7 $5 {comme joué récemment dans la partie Wang Hao-Topalov,V GP
Londres 2012, mérite l'attention.} 5. Bxf6 Bxf6 6. cxd5 c5 $5 $13) 5. cxd5 $6 {
Un pseudo sacrifice de pièce utilisé il y a longtemps par Alekhine et Euwe et
plus récemment par Dreev. Cependant les Noirs n'ont aucun problème sur un jeu
logique.} Nxg5 (5... Nxc3 6. bxc3 Qxd5 {est aussi possible.}) 6. h4 (6. Qa4+ {
est le coup de Dreev et mène à de grosses complications.}) 6... Ne4 $1 {la
bonne réaction.} 7. Nxe4 Qxd5 8. Nc3 Qa5 {Les Noirs n'ont aucun problème. Ils
vont continuer logiquement par Bg7 et l'attaque du pion d4 par c5 ou/et e5.} 9.
e3 Bg7 10. Bc4 $6 {Un coup peu naturel qui expose le B à l'attaque des pièces
noires, une fois la colonne 'c' ouverte.} (10. Nf3 c5 11. Bb5+ $11) 10... c5
11. Qb3 O-O $15 {Les Noirs sont déjà mieux. Leur développement est plus
harmonieux et les Blancs vont souffrir sur la grande diagonale a1-h8.} 12. Nge2
Nc6 13. Rd1 {Maintenant le K blanc n'a plus d'abri sûr.} Rb8 (13... cxd4 $15)
14. dxc5 Qxc5 15. Rd5 $1 {Un bon enchaînement de coups de la part des Blancs.
Il faut échanger les Q afin de sécuriser la position du Ke1.} Qb4 16. Qxb4 Nxb4
$11 {/=+ La situation s'est améliorée pour les Blancs mais est toujours
légèrement favorable aux Noirs grâce à leur forte paire de B et surtout du Bg7
!} 17. Rb5 $6 (17. Rd2 $142) 17... Nc6 18. h5 Ne5 $1 19. Bb3 b6 $1 {prépare
l'arrivée du N en d3 par Ba6} 20. hxg6 hxg6 21. Nf4 e6 $1 $17 {Diagramme [#]
Un excellent coup qui contrôle d5 et "tue" l'activité du Bb3.} 22. Ne4 Bd7 $6 (
22... Ba6 $1 23. Rb4 {Maintenant le K blanc est pris au piège.} Rfd8 $1 24. Ra4
Bb5 25. Rb4 Rbc8 $1 $19) 23. Rb4 Nc6 {Pourquoi ne pas continuer à mobiliser
les pièces ?} (23... Bc6 $5) 24. Rc4 Bxb2 {Les Noirs ont un bon pion de plus
mais les Blancs peuvent encore resister !} 25. Rc2 Bg7 26. Nxg6 $4 {Un
craquage dans une position difficile.} (26. f3 Rfd8 27. Kf2 $17) 26... fxg6 27.
Rd2 Bc8 $19 28. Rc2 Na5 29. Rxc8 Rfxc8 30. Bxe6+ Kf8 31. Bxc8 Rxc8 {Les Blancs
ont deux pions pour la pièce, mais les Noirs sont plus actifs et la majorité
noire à l'aile-Q peut vite faire la différence.} 32. Kd2 Nc4+ (32... Rc4 $1 33.
Kd3 Ra4 $19) 33. Kd3 Ne5+ 34. Kd2 Rc4 35. Ng5 Bf6 (35... Ra4 $1) 36. Nh7+ Kg7
37. Nxf6 Kxf6 38. Ra1 Ra4 39. Kc3 b5 40. Kb3 Ng4 41. Rc1 Ra6 42. e4 Rd6 43. f3
Ne3 44. Rc5 Rd3+ 45. Kb4 Nxg2 46. Rc2 Ne1 (46... Nf4 $142) 47. Rc6+ Kg5 48. f4+
Kxf4 49. Rxg6 Nc2+ 50. Kxb5 Ra3 51. Ra6 $4 Nd4+ 0-1

[Event "Championnat 13"]
[Site "Vitrolles"]
[Date "2012.10.06"]
[Round "1"]
[White "Chauvet, Jean-Marc"]
[Black "Anton, Jose"]
[Result "0-1"]
[WhiteElo "1943"]
[BlackElo "1890"]
[Annotator "Gozzoli,Y"]
[PlyCount "74"]
[EventDate "2012.??.??"]
[EventType "swiss"]
[EventRounds "6"]
[EventCountry "FRA"]
[SourceDate "2005.09.12"]

1. e4 c5 2. Nf3 Nc6 3. Bb5 {La Rossolimo, l'arme principale pour éviter la
Svieschnikov et le Dragon accéléré (entre autre !)} Qb6 {Une réaction rare.
Plus commun sont:} (3... g6) (3... d6) (3... e6) 4. Nc3 a6 $6 {Dans la
Rossolimo, il est très rare de forcer l'échange en c6. Le coup a6 est surtout
un affaiblissement des cases noires et plus précisemment de la case b6. De
plus il est probable que les Blancs n'aient pas joué Bb5 avec l'idée de
revenir en arrière par la suite !} (4... e6 $142) 5. Nd5 $6 {Une perte de
temps.} (5. Bxc6 $1 Qxc6 6. O-O $36 {suivi de d4 et les Blancs vont obtenir
une forte initiative grâce à leur avantage de développement et à la Qc6
exposée.}) 5... Qa5 6. Bxc6 bxc6 7. Nc3 (7. Ne3 $5) 7... Nf6 8. O-O e6 $2 {Une
sérieuse faute stratégique qui donne toutes les cases noires et enferme le Bc8.
} 9. d3 (9. e5 $1 Nd5 10. Ne4 f5 (10... Be7 11. c4 $1 Nc7 12. d4 $1 $18) 11.
Nd6+ Bxd6 12. exd6 O-O 13. c4 Nf6 14. d3 $16) 9... Be7 $6 (9... d5 {doit être
joué.}) 10. Nd2 $6 (10. e5 Nd5 11. Ne4 $14) 10... O-O $6 (10... d5 $1) 11. Nc4
Qc7 12. e5 $14 Nd5 13. Ne4 f6 $1 14. f4 f5 $6 ({Il fallait garder la tension
au centre et jouer} 14... a5 {pour développer du contre jeu à l'aile-Q.
Maintenant la position noire va être "vissée" par la cavalerie blanche.}) 15.
Ned6 a5 16. Bd2 (16. a4 $1 {Pour fixer la faiblesse en a5 était à considérer.
Les Blancs peuvent continuer par Bd2-Qe1 ou encore Bd2-e1-f2 suivi de Qe1-Bh4
pour échanger le bon B noir.}) 16... a4 17. Qe1 (17. Rf3 $1 {avec l'idée
Rh3-Qh5 ou Rh3-Bd2-Be1-Bh4 était meilleur.}) 17... Ba6 $132 {Les Noirs ont
réussi à créer du contre-jeu sur les N blancs.} 18. b3 Rfb8 (18... Bxc4 $1 19.
Nxc4 Ra6 $1 {Pour doubler les R et menacer de prendre en b3, gagne la colonne
'a' et assure un certain contre-jeu aux Noirs.}) 19. Qe2 (19. Qf2 $1) 19...
Bxc4 20. Nxc4 $13 {Diagramme [#] Maintenant rien n'est clair.} Rb7 21. Nb2 axb3
22. axb3 Rba7 23. Rxa7 Qxa7 24. Nc4 Qa2 25. Qd1 Nb4 26. Bxb4 cxb4 {Les
derniers coups sont logiques et la partie s'est équilibrée.} 27. g3 (27. d4 $5)
27... Qa7+ 28. Kg2 $6 (28. d4 {était nécéssaire.}) 28... Qd4 $15 {Maintenant
les Noirs sont mieux. Leurs pièces sont plus actives et ils peuvent casser
l'aile-K par g7-g5 si besoin.} 29. Qd2 Bc5 30. Kh3 Ra2 $2 {Une grosse faute
qui permet aux Blancs de gagner du matériel !} (30... h6 {pour préparer g5
était fort.}) 31. Re1 $2 {Les Blancs ne saisissent pas leur chance !} (31. c3
$3 Qxc4 $8 (31... Rxd2 32. cxd4 $18 {gagne une pièce.}) 32. Qxa2 Qxc3 $44 {Le
caractère fermé de la position, ajouté à l'insécurité du K blanc, donne aux
Noirs de bonnes chances de tenir mais pas plus !}) 31... Qd5 {Maintenant les
Blancs sont trop passifs.} 32. Rd1 Qd4 33. Re1 h6 $1 34. Qg2 $2 (34. c3 $2 Qxc3
$1 35. Qxa2 Qxe1 $19) 34... g5 $1 $19 35. g4 $4 {accélère les choses, mais la
pression était déjà difficile à supporter.} Qxf4 (35... h5 $3) 36. Re2 $2 {
mène au mat.} (36. Qg3 {était plus tenace bien qu'après} Qxg3+ 37. Kxg3 Rxc2 {
Les Noirs sont très facilement gagnants.}) 36... h5 $1 37. Qg3 Qf1+ 0-1

[Event "Championnat 13"]
[Site "Vitrolles"]
[Date "2012.10.06"]
[Round "1"]
[White "Dudognon, Thibault"]
[Black "Arslan, Paul-Peter"]
[Result "1-0"]
[WhiteElo "1906"]
[BlackElo "1880"]
[Annotator "Gozzoli,Y"]
[PlyCount "45"]
[EventDate "2012.??.??"]
[EventType "swiss"]
[EventRounds "6"]
[EventCountry "FRA"]
[SourceDate "2005.09.12"]

1. e4 c5 2. Nf3 d6 3. d4 cxd4 4. Nxd4 Nf6 5. Nc3 g6 {La Sicilienne Dragon,
très rare de nos jours, mais toujours aussi compliquée !} 6. Be2 {inhabituel} (
{Plus commun sont} 6. Be3 Bg7 7. f3 O-O 8. Qd2 (8. Bc4)) 6... Bg7 7. Be3 O-O 8.
Qd2 {Une conception rare mais loin d'être inoffensive.} Nc6 9. O-O-O Bd7 $2 {
Les Noirs jouent "avec la main" un coup qui semble normal dans la plupart des
Dragons, mais c'est ici une faute sérieuse qui va faire perdre beaucoup de
temps aux Noirs.} (9... Nxd4 $142 10. Bxd4 Be6) 10. h4 $1 h5 11. f3 {Les
Blancs sont donc retombés dans la ligne 6.Be3 Bg7 7.f3 0-0 8.Qd2 où le
meilleur coup noir est de jouer 8...d5 ! ou 8...Nxd4 mais où 8...Bd7 est une
faute ! Ce dernier coup n'est valable que dans la ligne 8.Bc4} Ne5 {Les Noirs
continuent de jouer mécaniquement comme dans le Dragon 8.Bc4.} 12. g4 $1 {
Diagramme [#] thématique ! Comme le disait Fischer "contre le dragon il faut
jouer h4, sacrifice, sacrifice et mat !"} hxg4 13. f4 (13. h5 {était plus fort
!} Nxh5 (13... gxf3 14. Nxf3 Nxf3 15. Bxf3 $18 {l'attaque est irrésistible.})
14. Bh6 $40) 13... Nc6 14. h5 Nxh5 (14... gxh5 $142) 15. Nxc6 $2 {Je ne
comprend pas l'idée !} (15. f5 $1 $40) 15... bxc6 16. f5 e5 $4 {Une faute
grave. Les Noirs n'ont plus aucun contre-jeu.} (16... Qa5 $1 17. Bd4 Bxd4 18.
Qxd4 Rfb8 $13) 17. fxg6 $6 (17. Bh6 $1 $18) 17... fxg6 $2 (17... Nf4 $1 {la
seule défense.} 18. Bc4 $1 (18. Bxf4 exf4 19. Qxf4 Qf6 20. Qxf6 Bxf6 21. Rxd6
Be6 $44) 18... Qf6 19. Bxf7+ Rxf7 20. gxf7+ Kxf7 21. Qxd6 Qxd6 22. Rxd6 Ke7 {
les Blancs sont toujours beaucoup mieux mais les Noirs peuvent espérer du
contre-jeu.}) 18. Qxd6 {Maintenant les Noirs vont subir de grosses pertes
matérielles.} Nf6 19. Bc4+ Rf7 20. Bxf7+ Kxf7 21. Rhf1 Ke8 22. Bc5 Nh7 23.
Qxg6# 1-0

[Event "Championnat 13"]
[Site "Vitrolles"]
[Date "2012.10.06"]
[Round "1"]
[White "Busson, Benoist"]
[Black "Estevez, Eric"]
[Result "1-0"]
[WhiteElo "1943"]
[BlackElo "1980"]
[Annotator "Gozzoli,Y"]
[PlyCount "51"]
[EventDate "2012.??.??"]
[EventType "swiss"]
[EventRounds "6"]
[EventCountry "FRA"]
[SourceDate "2005.09.12"]

1. e4 e5 2. d4 {La partie du Centre, qui peut encore se transformer en Gambit
Danois, Gambit Ecossais...} Nc6 (2... exd4 {est bien sûr la réaction la plus
naturelle.}) 3. dxe5 $1 {le bon coup !} (3. d5 Nce7 {suivi de Ng6-Nf6-Bc5(b4)
est agréable pour les Noirs.}) (3. Nf3 {retombe dans une Ecossaise.}) 3... Nxe5
4. f4 ({Je me rappelle avoir porté attention à cette position il y a une
quinzaine d'années et il me semble que le génial Paul Kérès avait préconnisé
dans les années 50 de continuer par} 4. Nf3 $1 Nxf3+ 5. Qxf3 Qf6 6. Qg3 $14)
4... Nc6 $6 {Une première imprécision importante.} (4... Ng6 {est plus dans
l'esprit du "Tango".}) 5. Be3 $6 {Une imprécision qui peut permettre aux Noirs
d'égaliser.} (5. Nf3 $142) 5... Qh4+ $6 (5... d5 $1 {amène des positions que
Benoist aurait certainement préféré jouer de l'autre côté de l'échiquier !} 6.
exd5 (6. e5 Nh6 7. Nf3 Nf5 8. Bf2 d4 $13) 6... Nb4 $1 7. Bb5+ (7. Nc3 Qe7 $1 8.
Kf2 (8. Qe2 Nxc2+ 9. Qxc2 Qxe3+ $17) 8... Nh6 $1 9. Be2 Nf5 10. Bd4 Bd7 $15 {
les Noirs ont une position très agréable.}) (7. c4 $2 Qe7 8. Qd2 Bf5 9. Na3
O-O-O $40)) 6. g3 Qe7 7. Nc3 $14 {Les Blancs ont un avantage stable et durable.
Les Noirs ont de gros problèmes pour trouver les bonnes cases pour leurs
pièces.} Qb4 8. Nge2 (8. a3 $1 {de suite était plus précis} Qe7 (8... Qxb2 $2
9. Nge2 $1 $18 {avec l'idée Ra2 gagne.}) (8... Qa5 $2 9. b4 $1 $18 {gagne une
pièce, la Qa5 n'ayant plus de cases à sa disposition !}) 9. Nf3 $16) 8... Be7
$2 {La faute décisive. Les Noirs n'arriveront plus à se libérer.} (8... Nf6 9.
a3 Qe7 10. Bg2 d6 $16 {était triste mais nécessaire.}) 9. a3 $1 Qd6 10. Nd4 (
10. Qxd6 $1 Bxd6 11. Nb5 $1 Kd8 12. Nxd6 cxd6 13. O-O-O $18 {gagne facilement.}
) 10... Bd8 $2 {Diagramme [#] A partir d'ici, les Blancs vont jouer avec
beaucoup d'énergie et proprement remporter la partie.} (10... Nxd4 $142 11.
Bxd4 Qh6) 11. e5 $1 Qf8 12. Bg2 h5 (12... Nge7 $142 13. Qd2 Nxd4 14. Bxd4 Nc6
15. Bf2 Qe7 16. O-O-O O-O) 13. Qd2 (13. Qd3 $1 {qui contrôle la case f5 est
plus précis.}) 13... Nge7 14. Nxc6 dxc6 {il est difficile de donner un bon
conseil aux Noirs...} 15. O-O-O Be6 16. Bc5 $1 Qg8 {Diagramme [#]} 17. Nb5 $3 {
menace un superbe mat !} Nd5 (17... cxb5 18. Bxb7 Rb8 19. Bxa7 {gagne la Rb8,
le Bb7 étant imprenable à cause du mat en d8}) (17... b6 18. Qxd8+ $1 Rxd8 19.
Nxc7+ Kf8 20. Rxd8#) 18. c4 $1 cxb5 (18... Nb6 19. Qxd8+ $1 Rxd8 20. Nxc7#) 19.
Bxd5 $1 {menace Bxe6-Qd7 mat.} Be7 20. Bxe7 Kxe7 21. Qb4+ Ke8 22. Qxb5+ c6 23.
Qxb7 (23. Bxc6+ $1 {mène de suite au mat !} bxc6 (23... Kf8 24. Qc5#) 24. Qxc6+
Bd7 (24... Ke7 25. Qb7+ Bd7 26. Rxd7+ Ke6 27. Rd6+ Kf5 28. Qf3 f6 29. Qd3+ Kg4
30. h3#) 25. Qxd7+ Kf8 26. Qd6+ Ke8 27. Qc6+ Kf8 28. Qxa8+ Ke7 29. Qxa7+ Ke8
30. Qd7+ Kf8 31. Qd8#) 23... cxd5 24. Qxa8+ Ke7 25. Qxa7+ Bd7 26. Qc5+ 1-0